A journey of a native teenage school teacher to a transformative school leader in the making ; an autoethnographic inquiry (Record no. 106362)
[ view plain ]
| 000 -LEADER | |
|---|---|
| fixed length control field | 00555nam a22001577a 4500 |
| 008 - FIXED-LENGTH DATA ELEMENTS--GENERAL INFORMATION | |
| fixed length control field | 230103b |||||||| |||| 00| 0 eng d |
| 082 ## - DEWEY DECIMAL CLASSIFICATION NUMBER | |
| Classification number | 370.71/B469j |
| 100 ## - MAIN ENTRY--PERSONAL NAME | |
| Personal name | Bhatt, Ganesh Datt |
| 245 ## - TITLE STATEMENT | |
| Title | A journey of a native teenage school teacher to a transformative school leader in the making ; an autoethnographic inquiry |
| 260 ## - PUBLICATION, DISTRIBUTION, ETC. | |
| Place of publication, distribution, etc. | Kathmandu: |
| Name of publisher, distributor, etc. | KU, School of education , |
| Date of publication, distribution, etc. | 2022 |
| 300 ## - PHYSICAL DESCRIPTION | |
| Other physical details | ix,168p.;illus. |
| 502 ## - DISSERTATION NOTE | |
| Dissertation note | Thesis (M.Phil. in Education), KU |
| 504 ## - BIBLIOGRAPHY, ETC. NOTE | |
| Bibliography, etc. note | Bibliography: p.161-168 |
| 650 ## - SUBJECT ADDED ENTRY--TOPICAL TERM | |
| Topical term or geographic name entry element | Teacher education |
| 942 ## - ADDED ENTRY ELEMENTS (KOHA) | |
| Source of classification or shelving scheme | Dewey Decimal Classification |
| Koha item type | Theses and Dissertations |
| Withdrawn status | Lost status | Source of classification or shelving scheme | Damaged status | Not for loan | Home library | Current library | Date acquired | Total Checkouts | Full call number | Barcode | Date last seen | Price effective from | Koha item type |
|---|---|---|---|---|---|---|---|---|---|---|---|---|---|
| Dewey Decimal Classification | Tribhuvan University Central Library | Tribhuvan University Central Library | 01/03/2023 | 370.71/B469j | D14380 | 01/03/2023 | 01/03/2023 | Theses and Dissertations |
